000 00524nam a2200169 i 4500
001 66322
003 ES-MaACL
005 20230906165611.0
007 t|
008 040203s1954 sp ||||1| spa d
100 1 _aGalindo Quiroga, Francisco.
_953445
245 1 0 _aCurso teórico-práctico de Taquigrafía
_b: (Sistema Martí) /
_cpor Francisco Galindo Quiroga.
260 _aMadrid :
_b[s.n.,
_c1954] (
_fAlhambra)
300 _a150 p. ;
_c20 cm.
650 0 4 _aTaquigrafía.
_917284
852 _aES-MaACL
_jC-7334
_bR.35899
999 _c66322
_d66322